| 000 | 01320nam a2200229Ia 4500 | ||
|---|---|---|---|
| 003 | Ost | ||
| 005 | 20260507075109.0 | ||
| 008 | 260507s9999||||xx |||||||||||||| ||und|| | ||
| 040 | _cfsecg | ||
| 041 | _aara | ||
| 082 | _a330 | ||
| 100 |
_aمحمد فوزي، الحاج خليل _eمؤلف |
||
| 245 | 0 |
_aمرشد المستشار في ادارة المواد : _bالتخزين والشراء / _c الحاج خليل محمد فوزي |
|
| 260 |
_aعمان: _bالمنظمة العربية للتنمية الادارية, _c1990 |
||
| 300 |
_a104 صفحة؛ _c23 سم |
||
| 490 | _aسلسلة ادارة البحوث والدراسات | ||
| 520 | _aفصل تمهيدي 1-معلومات أساسية 2- الشراء 3- التخزين 4- المواد الفائضة وغير الصالحة 5- النقل والتوزيع 6- العهد والجرد 7- محاسبة المخازن 8- المفهوم الحديث لادارة الحوار 9- دراسة مستندات ونماذج الشراء والتخزين 10-تدريب وتأهيل الموظفين 11-الرقابة الخارجية ملاحق بالدليل الأمريكي للمجموعات والفصول.، مراجع مختارة | ||
| 653 | _aادارة المواد | ||
| 653 | _aالتخزين | ||
| 653 | _aشراء | ||
| 942 | _cكتاب | ||
| 999 |
_c42855 _d42855 |
||